Statistics for Aramco Purple Cap in IPL 2023

Click here to take the quiz!

General Stats

  • This quiz has been taken 9 times
  • The average score is 13 of 30

Answer Stats

HintAnswer% Correct
GTMohammad Shami
100%
GTMohit Sharma
100%
GTRashid Khan
100%
RCBMohammed Siraj
75%
RRTrent Boult
75%
CSKTushar Deshpande
63%
RRYuzvendra Chahal
63%
PBKSArshdeep Singh
50%
DCKuldeep Yadav
50%
MIPiyush Chawla
50%
CSKRavindra Jadeja
50%
KKRSunil Narine
50%
MIAkash Madhwal
38%
SRHBhuvneshwar Kumar
38%
CSKDeepak Chahar
38%
CSKMaheesh Theekshana
38%
GTNoor Ahmad
38%
LSGRavi Bishnoi
38%
RRRavichandran Ashwin
38%
LSGYash Thakur
38%
DCAxar Patel
25%
RCBHarshal Patel
25%
LSGMark Wood
25%
DCMitchell Marsh
25%
PBKSNathan Ellis
25%
KKRVarina Chakaravarthy
25%
MIJason Behrendorff
13%
CSKMatheesha Pathirana
13%
SRHMayank Markande
13%
LSGNaveen-ul-Haq
13%

Score Distribution

Percentile by Number Answered

Percent of People with Each Score

Your Score History

You have not taken this quiz